Bukhārā : (Record no. 27197)
[ view plain ]
| 000 -LEADER | |
|---|---|
| fixed length control field | 01054cas a2200337 a 4500 |
| 001 - CONTROL NUMBER | |
| control field | 27197 |
| 003 - CONTROL NUMBER IDENTIFIER | |
| rucl marc code | BD-RjUL |
| 005 - DATE AND TIME OF LATEST TRANSACTION | |
| control field | 20211209051126.0 |
| 008 - FIXED-LENGTH DATA ELEMENTS--GENERAL INFORMATION | |
| fixed length control field | 140324c19959999iI br p 0 1 f0per c |
| 035 ## - SYSTEM CONTROL NUMBER | |
| System control number | (BD-RJUL)27269 |
| 040 ## - CATALOGING SOURCE | |
| Original cataloging agency | CU |
| Language of cataloging | eng |
| Transcribing agency | CU |
| Modifying agency | CLU |
| -- | DLC |
| -- | WaU |
| -- | TxU |
| -- | UkLSOA |
| -- | OCoLC |
| -- | InU |
| -- | UKMGB |
| -- | CLU |
| 041 ## - LANGUAGE CODE | |
| Language code of text/sound track or separate title | eng |
| 066 ## - CHARACTER SETS PRESENT | |
| Alternate G0 or G1 character set | (3 |
| -- | (4 |
| 082 ## - DEWEY DECIMAL CLASSIFICATION NUMBER | |
| Classification number | 958.6 |
| Author mark and year | RAB 1995 |
| 100 ## - MAIN ENTRY--PERSONAL NAME | |
| Personal name | Rahul, ram |
| 9 (RLIN) | 77927 |
| 245 00 - TITLE STATEMENT | |
| Linkage | 880-01 |
| Title | Bukhārā : |
| Remainder of title | the emirate / |
| Statement of responsibility, etc. | Ram Rahul |
| 260 ## - PUBLICATION, DISTRIBUTION, ETC. (IMPRINT) | |
| Place of publication, distribution, etc. | New delhi : |
| Name of publisher, distributor, etc. | vikas publisher, |
| Date of publication, distribution, etc. | 1995 |
| 300 ## - PHYSICAL DESCRIPTION | |
| Pagination | 96 p. : |
| Illustrations | ill. ; |
| Size | 24 cm. |
| 504 ## - BIBLIOGRAPHY, ETC. NOTE | |
| Bibliography, etc | includes index |
| 650 #0 - SUBJECT ADDED ENTRY--TOPICAL TERM | |
| Topical term or geographic name as entry element | Arts |
| Geographic subdivision | Iran |
| Form subdivision | Periodicals. |
| 9 (RLIN) | 83479 |
| Topical term or geographic name as entry element | Humanities |
| Geographic subdivision | Iran |
| Form subdivision | Periodicals. |
| 9 (RLIN) | 83480 |
| 776 08 - ADDITIONAL PHYSICAL FORM ENTRY | |
| Relationship information | Online version: |
| Title | Bukhārā |
| Record control number | (OCoLC)607916016 |
| 880 00 - ALTERNATE GRAPHIC REPRESENTATION | |
| Linkage | 245-01/(3/r |
| a | بخارا : |
| b | مجلۀ فرهنگى و هنرى. |
| Linkage | 260-02/(3/r |
| a | تهران : |
| b | ع. دهباشى، |
| c | 1998- |
| 942 ## - ADDED ENTRY ELEMENTS (KOHA) | |
| Source of classification or shelving scheme | Dewey Decimal Classification |
| Koha item type | Books |
| Lost status | Source of classification or shelving scheme | Damaged status | Not for loan | Collection code | Permanent Location | Current Location | Shelving location | Date acquired | Source of acquisition | Cost, normal purchase price | Total Checkouts | Full call number | Date last seen | Copy number | Koha item type | Date checked out |
|---|---|---|---|---|---|---|---|---|---|---|---|---|---|---|---|---|
| Dewey Decimal Classification | Added to bundle | Non-fiction | Central Library, University of Rajshahi | Central Library, University of Rajshahi | Reading Room | 17/06/1999 | Ankur prokashoni | 167.00 | 958.6 RAB 1995 | 24/03/2014 | C-1 | Books | ||||
| Dewey Decimal Classification | Non-fiction | Central Library, University of Rajshahi | Central Library, University of Rajshahi | 17/06/1999 | Ankur prokashoni | 167.00 | 1 | 958.6 RAB 1995 | 17/01/2023 | C-2 | Books | 27/12/2022 |